000 00562cam a22002053a 4500
001 44709
003 PGUSA
005 20140828084024.0
008 140119s2014||||xxu|||||s|||||000 | eng d
040 _aPGUSA
_beng
042 _adc
100 1 _aPeck, Thomas
245 1 4 _aThe Norwich Directory [1802]
_h[electronic resource] /
_cThomas Peck
260 _bProject Gutenberg,
_c2014
506 _aPublic domain in the USA.
516 _aElectronic text
830 0 _aProject Gutenberg
_v44709
856 4 0 _uhttp://www.gutenberg.org/ebooks/44709
942 _cEB
999 _c273960
_d273960